<?xml version="1.0" encoding="UTF-8"?>
<record
    xmlns:xsi="http://www.w3.org/2001/XMLSchema-instance"
    xsi:schemaLocation="http://www.loc.gov/MARC21/slim http://www.loc.gov/standards/marcxml/schema/MARC21slim.xsd"
    xmlns="http://www.loc.gov/MARC21/slim">

  <leader>04474cam a22004338i 4500</leader>
  <datafield tag="952" ind1=" " ind2=" ">
    <subfield code="0">0</subfield>
    <subfield code="1">0</subfield>
    <subfield code="2">lcc</subfield>
    <subfield code="4">0</subfield>
    <subfield code="7">0</subfield>
    <subfield code="8">NFIC</subfield>
    <subfield code="a">PAC</subfield>
    <subfield code="b">PAC</subfield>
    <subfield code="c">GEN</subfield>
    <subfield code="d">2024-02-26</subfield>
    <subfield code="e">Purchase</subfield>
    <subfield code="l">0</subfield>
    <subfield code="o">HV6020 .W66 2022</subfield>
    <subfield code="p">27826</subfield>
    <subfield code="r">2024-02-26 00:00:00</subfield>
    <subfield code="t">C.1</subfield>
    <subfield code="w">2024-02-26</subfield>
    <subfield code="y">BK</subfield>
  </datafield>
  <datafield tag="952" ind1=" " ind2=" ">
    <subfield code="0">0</subfield>
    <subfield code="1">0</subfield>
    <subfield code="2">lcc</subfield>
    <subfield code="4">0</subfield>
    <subfield code="7">0</subfield>
    <subfield code="8">NFIC</subfield>
    <subfield code="a">PAC</subfield>
    <subfield code="b">PAC</subfield>
    <subfield code="c">GEN</subfield>
    <subfield code="d">2024-02-26</subfield>
    <subfield code="e">Purchase</subfield>
    <subfield code="l">0</subfield>
    <subfield code="o">HV6020 .W66 2022</subfield>
    <subfield code="p">27827</subfield>
    <subfield code="r">2024-02-26 00:00:00</subfield>
    <subfield code="t">C.2</subfield>
    <subfield code="w">2024-02-26</subfield>
    <subfield code="y">BK</subfield>
  </datafield>
  <datafield tag="999" ind1=" " ind2=" ">
    <subfield code="c">31835</subfield>
    <subfield code="d">31835</subfield>
  </datafield>
  <controlfield tag="001">22178129</controlfield>
  <controlfield tag="003">PAC University</controlfield>
  <controlfield tag="005">20240226120833.0</controlfield>
  <controlfield tag="008">210816s2022    enk      b    001 0 eng  </controlfield>
  <datafield tag="010" ind1=" " ind2=" ">
    <subfield code="a">  2021039228</subfield>
  </datafield>
  <datafield tag="020" ind1=" " ind2=" ">
    <subfield code="a">9780367321420</subfield>
    <subfield code="q">(hardback)</subfield>
  </datafield>
  <datafield tag="020" ind1=" " ind2=" ">
    <subfield code="a">9780367321437</subfield>
    <subfield code="q">(paperback)</subfield>
  </datafield>
  <datafield tag="020" ind1=" " ind2=" ">
    <subfield code="z">9780429316975</subfield>
    <subfield code="q">(ebook)</subfield>
  </datafield>
  <datafield tag="040" ind1=" " ind2=" ">
    <subfield code="a">DLC</subfield>
    <subfield code="b">eng</subfield>
    <subfield code="e">rda</subfield>
    <subfield code="c">PAC University</subfield>
    <subfield code="d">PAC University</subfield>
  </datafield>
  <datafield tag="042" ind1=" " ind2=" ">
    <subfield code="a">pcc</subfield>
  </datafield>
  <datafield tag="043" ind1=" " ind2=" ">
    <subfield code="a">u-at---</subfield>
    <subfield code="a">u-nz---</subfield>
  </datafield>
  <datafield tag="050" ind1="0" ind2="0">
    <subfield code="a">HV6020</subfield>
    <subfield code="b">.W66 2022</subfield>
  </datafield>
  <datafield tag="082" ind1="0" ind2="0">
    <subfield code="a">364.082</subfield>
    <subfield code="2">23</subfield>
  </datafield>
  <datafield tag="245" ind1="0" ind2="0">
    <subfield code="a">Women, crime and justice in context :</subfield>
    <subfield code="b">contemporary perspectives in feminist criminology from Australia and New Zealand /</subfield>
    <subfield code="c">edited by: Anita Gibbs and Fairleigh Evelyn Gilmour.</subfield>
  </datafield>
  <datafield tag="263" ind1=" " ind2=" ">
    <subfield code="a">2201</subfield>
  </datafield>
  <datafield tag="264" ind1=" " ind2="1">
    <subfield code="a">Milton Park, Abingdon, Oxon ;</subfield>
    <subfield code="a">New York, NY :</subfield>
    <subfield code="b">Routledge,</subfield>
    <subfield code="c">2022.</subfield>
  </datafield>
  <datafield tag="300" ind1=" " ind2=" ">
    <subfield code="a">x, 270p. :</subfield>
    <subfield code="b">ill. ;</subfield>
    <subfield code="c">24cm.</subfield>
  </datafield>
  <datafield tag="336" ind1=" " ind2=" ">
    <subfield code="a">text</subfield>
    <subfield code="b">txt</subfield>
    <subfield code="2">rdacontent</subfield>
  </datafield>
  <datafield tag="337" ind1=" " ind2=" ">
    <subfield code="a">unmediated</subfield>
    <subfield code="b">n</subfield>
    <subfield code="2">rdamedia</subfield>
  </datafield>
  <datafield tag="338" ind1=" " ind2=" ">
    <subfield code="a">volume</subfield>
    <subfield code="b">nc</subfield>
    <subfield code="2">rdacarrier</subfield>
  </datafield>
  <datafield tag="504" ind1=" " ind2=" ">
    <subfield code="a">Includes bibliographical references and index.</subfield>
  </datafield>
  <datafield tag="505" ind1="0" ind2=" ">
    <subfield code="a">Introduction / Fairleigh Evelyn Gilmour and Anita Gibbs -- Feminist criminology / Fairleigh Evelyn Gilmour -- Gender and victimology: a necessary pairing / Jan Jordan -- Gender, criminal law and violence against women: mapping the limits of legal interventions and approaches to reform / Kate Fitz-Gibbon -- Women in the criminal justice system / Kate Seymour -- Sex work, feminism and the legal system: Aotearoa in a global context / Lynzi Armstrong -- Women, crime and the media / Fairleigh Evelyn Gilmour -- Violence against women in true crime podcasts: beyond representation and on to justice in the late-modern landscape / Laura Vitus -- Restorative justice in the context of gender-based violence and harm / Andrea P&#x103;ro&#x15F;anu -- Punishment in the community: community sentences and gender / Anita Gibbs -- Post-prison experiences and women / Kirsten Gibson -- Women, incarceration and settler colonial control / Tracey McIntosh -- Queer criminology / Angela Dwyer -- Women and girls with neurodisabilities and mental health issues in the criminal justice system / Anita Gibbs -- "Nothing about us, without us": centring the voices of criminalised women / Debbie Kilroy and Suzi Quixley -- Women and crimmigration / Brandy Cochrane -- Feminist prison abolitionism / Ti Lamusse -- Conclusion / Anita Gibbs and Fairleigh Evelyn Gilmour.</subfield>
  </datafield>
  <datafield tag="520" ind1=" " ind2=" ">
    <subfield code="a">"This book presents contemporary feminist approaches to key issues in criminal justice. It draws together key researchers from Australia and New Zealand to offer a context-specific textbook that covers all of the major debates in the discipline in an accessible way. This book examines both the foundational texts and cutting-edge contributions to the topic and acknowledges the unique challenges and debates in the local Australian and New Zealand context. Written as an entry-level text, it introduces undergraduate students to key theories, research and and debates on the topics of offending, victimization and the criminal justice system. It explores key topics in feminist criminology with chapters exploring sex work, prison abolitionism, community punishment, media representations of crime and victims, and the impacts of digital technology on gendered violence. Centring on an intersectional approach, the book includes chapters that focus on disability, queer criminology, indigenous perspectives, migration and service-user perspectives. The book concludes by exploring future directions in feminist approaches to crime and justice. This textbook will be essential reading for undergraduates and researchers studying feminist criminology, gender and crime, queer criminology, socio-legal studies, intersectionality, sociology and criminal justice"--</subfield>
    <subfield code="c">Provided by publisher.</subfield>
  </datafield>
  <datafield tag="650" ind1=" " ind2="0">
    <subfield code="a">Feminist criminology</subfield>
    <subfield code="z">Australia.</subfield>
  </datafield>
  <datafield tag="650" ind1=" " ind2="0">
    <subfield code="a">Feminist criminology</subfield>
    <subfield code="z">New Zealand.</subfield>
  </datafield>
  <datafield tag="650" ind1=" " ind2="0">
    <subfield code="a">Female offenders</subfield>
    <subfield code="z">Australia.</subfield>
  </datafield>
  <datafield tag="650" ind1=" " ind2="0">
    <subfield code="a">Female offenders</subfield>
    <subfield code="z">New Zealand.</subfield>
  </datafield>
  <datafield tag="700" ind1="1" ind2=" ">
    <subfield code="a">Gibbs, Anita,</subfield>
    <subfield code="e">editor.</subfield>
  </datafield>
  <datafield tag="700" ind1="1" ind2=" ">
    <subfield code="a">Gilmour, Fairleigh Evelyn,</subfield>
    <subfield code="e">editor.</subfield>
  </datafield>
  <datafield tag="776" ind1="0" ind2="8">
    <subfield code="i">Online version:</subfield>
    <subfield code="t">Women, crime and justice in context</subfield>
    <subfield code="d">Milton Park, Abingdon, Oxon ; New York, NY : Routledge, 2022</subfield>
    <subfield code="z">9780429316975</subfield>
    <subfield code="w">(DLC) 2021039229</subfield>
  </datafield>
  <datafield tag="906" ind1=" " ind2=" ">
    <subfield code="a">7</subfield>
    <subfield code="b">cbc</subfield>
    <subfield code="c">orignew</subfield>
    <subfield code="d">1</subfield>
    <subfield code="e">ecip</subfield>
    <subfield code="f">20</subfield>
    <subfield code="g">y-gencatlg</subfield>
  </datafield>
  <datafield tag="942" ind1=" " ind2=" ">
    <subfield code="2">lcc</subfield>
    <subfield code="c">BK</subfield>
    <subfield code="h">HV6020</subfield>
    <subfield code="i">.W66 2022</subfield>
  </datafield>
</record>
